<?xml version="1.0" encoding="UTF-8"?>
<collection xmlns="http://www.loc.gov/MARC21/slim">
 <record>
  <leader>00522nam a22001575a 4500</leader>
  <controlfield tag="001">EHU.bham017708</controlfield>
  <controlfield tag="003">AR-BHAM</controlfield>
  <controlfield tag="005">20080421200740.0</controlfield>
  <controlfield tag="008">130507s1935##################000#0#####d</controlfield>
  <datafield tag="082" ind1="8" ind2="6">
   <subfield code="a">861.108</subfield>
  </datafield>
  <datafield tag="100" ind1="1" ind2=" ">
   <subfield code="a">Alonso, Damaso</subfield>
  </datafield>
  <datafield tag="245" ind1="1" ind2="0">
   <subfield code="a">Poesia española, antologia, poesia de la edad media y poesia de tipo tradicional /</subfield>
   <subfield code="c">Damaso Alonso</subfield>
  </datafield>
  <datafield tag="260" ind1=" " ind2=" ">
   <subfield code="a">Madrid :</subfield>
   <subfield code="b">Signo,</subfield>
   <subfield code="c">1935</subfield>
  </datafield>
  <datafield tag="300" ind1=" " ind2=" ">
   <subfield code="a">574 p.</subfield>
  </datafield>
  <datafield tag="653" ind1=" " ind2=" ">
   <subfield code="a">Poesia espaÑola-    -1369</subfield>
  </datafield>
  <datafield tag="859" ind1=" " ind2=" ">
   <subfield code="a">AR-BHAM</subfield>
   <subfield code="b">BIB. HUMANIDADES - Arturo Marasso</subfield>
   <subfield code="h">861.108</subfield>
   <subfield code="i">Al72</subfield>
   <subfield code="p">1004.57</subfield>
   <subfield code="t">Ej.1</subfield>
   <subfield code="v">M</subfield>
  </datafield>
 </record>
</collection>
